| 000 | 00900cam a22002777a 4500 | ||
|---|---|---|---|
| 003 | CHAP | ||
| 005 | 20220329142723.0 | ||
| 008 | 030217d1991 mx r 00110 spa d | ||
| 010 | _a86830 | ||
| 011 | _a87802 | ||
| 035 | _a98346 | ||
| 040 | _cCHAP | ||
| 082 | 0 | 0 |
_a341.481 _bC63 |
| 110 | 0 |
_aComisión Nacional de Derechos Humanos. México _925764 |
|
| 245 | 1 | 0 |
_aComisión Nacional de Derechos Humanos _c/por Comisión Nacional de Derechos Humanos |
| 260 |
_aMéxico, D.F.; _bComisión Nacional de Derechos Humanos, _c1991. |
||
| 300 | _a138 p. | ||
| 500 | _aGaceta CNDH. ; Año 1 No. 11 , 1991 | ||
| 590 |
_aBATCH-UPD _b10 _c20130110 _lUCH01 _h1717 |
||
| 590 |
_aCONVERSION _b10 _c20130109 _lUCH01 _h1348 |
||
| 650 | 1 | 4 |
_aDerechos humanos. _931916 |
| 901 | _aBK | ||
| 905 | _aMayto Villalobos S. | ||
| 942 | _cLIBRO | ||
| 949 |
_a341.481 C63 _bBC _cLIBRO _d33724000883443 _eLIBRO _h103103 _i98346 _sb |
||
| 999 |
_c86830 _d86830 |
||